| 000 | 00624nam a22001817a 4500 | ||
|---|---|---|---|
| 003 | OSt | ||
| 005 | 20251125093952.0 | ||
| 008 | 251125b |||||||| |||| 00| 0 eng d | ||
| 040 |
_aDWCL-Main lib _cOC |
||
| 082 | _aFil. 343.05 R458p 2002 | ||
| 100 | _aReyes, Virgilio D. | ||
| 245 |
_aPhilippine transfer and business taxes : _bprinciples, law and problems a new approach/ _cReyes, Virgilio D. |
||
| 260 |
_aManila : _bVirgilio Reyes, _cc2002. |
||
| 300 |
_a348 p. : _bill. ; _c22 cm. |
||
| 650 | _aInheritance and transfer tax-Law and legislation. | ||
| 650 | _aTaxation-Law and legislation. | ||
| 942 |
_2ddc _cBK - FIL _kFil. _n0 |
||
| 999 |
_c6181 _d6181 |
||